000 00651 a2200193 4500
999 _c4940
_d4940
010 _aENG-86670
020 _c175.00
_a8125029028
035 _aEN-70203
037 _bDBAD / PUB
082 1 4 _a896.1092
100 1 _aCuitino, Luis Martinez
245 1 _aGarcia lorca for beginners /
_cby Luis Martinez Cuitino ; illustrated by Delia Cancela
260 _aChennai
_bOrient Longman
_c2005
270 _a160 Anna Salai
_bChennai
_e600 002
_mchegeneral@orientlongman.com
300 _a172 p.
_c23 cm (Pbk.)
500 _aIncludes bibliographical refrences and index
700 1 _aCancela, Delia
942 _adpl
_cEN
_2ddc
_h896.1092
_mCUI